<?xml version="1.0" encoding="UTF-8"?>
<record
    xmlns:xsi="http://www.w3.org/2001/XMLSchema-instance"
    xsi:schemaLocation="http://www.loc.gov/MARC21/slim http://www.loc.gov/standards/marcxml/schema/MARC21slim.xsd"
    xmlns="http://www.loc.gov/MARC21/slim">

  <leader>00330nam a2200133Ia 4500</leader>
  <controlfield tag="008">151001s9999||||xx |||||||||||||| ||und||</controlfield>
  <datafield tag="100" ind1=" " ind2=" ">
    <subfield code="a">&#x935;&#x93E; &#x928; &#x936;&#x93E;&#x939;</subfield>
  </datafield>
  <datafield tag="245" ind1=" " ind2=" ">
    <subfield code="a">&#x938;&#x92E;&#x94D;&#x930;&#x93E;&#x91F; &#x905;&#x936;&#x94B;&#x915;</subfield>
  </datafield>
  <datafield tag="250" ind1=" " ind2=" ">
    <subfield code="a">1</subfield>
  </datafield>
  <datafield tag="260" ind1=" " ind2=" ">
    <subfield code="b">&#x938;&#x941;&#x930;&#x938; &#x917;&#x94D;&#x930;&#x902;&#x925;&#x92E;&#x93E;&#x932;&#x93E;</subfield>
  </datafield>
  <datafield tag="260" ind1=" " ind2=" ">
    <subfield code="c">1937</subfield>
  </datafield>
  <datafield tag="300" ind1=" " ind2=" ">
    <subfield code="a">279</subfield>
  </datafield>
  <datafield tag="365" ind1=" " ind2=" ">
    <subfield code="b">18</subfield>
  </datafield>
  <datafield tag="999" ind1=" " ind2=" ">
    <subfield code="c">959326</subfield>
    <subfield code="d">959323</subfield>
  </datafield>
</record>
